Sense & Sensibility Characters Sudden Death Quiz - Statistics

General Stats
  • This quiz has been taken 10 times
  • The average score is 13 of 14
Answers on the Grid
Answers color-coded by a green-red scale on the quiz's grid according to % correct below.
Miss Elinor Dashwood
Sir John Middleton
Miss Mary Crawford
Miss Eliza Williams
Miss Marianne Dashwood
Mr Edmund Bertram
Mrs Jennings
Mrs Charlotte Palmer
Lady Tilley Arnold
Miss Margaret Dashwood
Mrs Sylvia Chamberlain
Colonel Brandon
Miss Lucy Steele
Mr Henry Dashwood
Miss Bertha Russell
Mr John Willoughby
Mrs Fanny Dashwood
Mr Edward Ferrars
Miss Edwina Sharma
Miss Sophia Grey
 
Answer Stats
Answer % Correct
Colonel Brandon
100%
Miss Elinor Dashwood
100%
Miss Lucy Steele
100%
Miss Margaret Dashwood
100%
Miss Marianne Dashwood
100%
Mr Edward Ferrars
100%
Mr Henry Dashwood
100%
Mr John Willoughby
100%
Mrs Fanny Dashwood
100%
Mrs Jennings
100%
Sir John Middleton
100%
Mrs Charlotte Palmer
86%
Miss Eliza Williams
57%
Miss Sophia Grey
43%
No matching quizzes found
Score Distribution
Percent of People with Each Score
Percentile by Number Answered
Your Score History
You have not taken this quiz